[Event "16th Russian Club Cup, HL"]
[Site "Sochi RUS"]
[Date "2009.04.02"]
[Round "1.1"]
[White "Drozdovskil, Yuri"]
[Black "Galkin, Alexander"]
[Result "1/2-1/2"]
[WhiteElo "2603"]
[BlackElo "2617"]
[Annotator ""]
[Source ""]
[Remark ""]

1.d4 d5 2.c4 e6 3.Nf3 Nf6 4.Nc3 c6 5.e3 Nbd7 6.Bd3 dxc4 7.Bxc4
b5 8.Bd3 Bb7 9.O-O a6 10.a4 b4 11.Ne4 c5 12.Nxf6+ Nxf6 13.dxc5
Bxc5 14.Qe2 O-O 15.e4 Nd7 16.Bf4 Be7 17.Rfd1 Nc5 18.Bc2 Qe8 19.Nd4
Rd8 20.Bc7 Rd7 21.Ba5 Qa8 22.Bxb4 Nxe4 23.Bxe7 1/2-1/2

[Event "16th Russian Club Cup, HL"]
[Site "Sochi RUS"]
[Date "2009.04.02"]
[Round "1.2"]
[White "Khairullin, Ildar"]
[Black "Nikolenko, Oleg"]
[Result "1/2-1/2"]
[WhiteElo "2606"]
[BlackElo "2524"]
[Annotator ""]
[Source ""]
[Remark ""]

1.e4 e6 2.d4 d5 3.Nd2 c5 4.Ngf3 Nf6 5.exd5 exd5 6.Bb5+ Bd7 7.Bxd7+
Nbxd7 8.O-O Be7 9.dxc5 Nxc5 10.Re1 O-O 11.Nf1 Re8 12.Be3 Rc8
13.c3 a6 14.Qc2 b5 15.Rad1 Qd7 16.Bd4 Nce4 17.Ne3 Bc5 18.Re2
Rcd8 19.Qd3 Qc8 20.Rde1 g6 21.Bxc5 Qxc5 22.Nd4 Nd6 23.g3 Kg7
24.a4 Nc4 25.axb5 axb5 26.Kg2 Rb8 27.b4 Qc8 28.Nxc4 dxc4 29.Qf3
Qd7 30.Re5 h5 31.h3 Rxe5 32.Rxe5 Rb6 33.Kh2 h4 34.Qa8 hxg3+ 35.fxg3
Rd6 36.Qa5 Rxd4 37.cxd4 Qxd4 38.Re2 Qd3 39.Rg2 c3 40.Qc7 Ne4
41.Qe5+ 1/2-1/2

[Event "16th Russian Club Cup, HL"]
[Site "Sochi RUS"]
[Date "2009.04.02"]
[Round "1.3"]
[White "Mozharov, Mikhail"]
[Black "Dyachkov, Sergej"]
[Result "1/2-1/2"]
[WhiteElo "2475"]
[BlackElo "2568"]
[Annotator ""]
[Source ""]
[Remark ""]

1.d4 Nf6 2.c4 g6 3.Nc3 Bg7 4.e4 d6 5.Be2 O-O 6.Bg5 c5 7.d5 e6
8.Qd2 exd5 9.exd5 Qb6 10.Bd3 Nbd7 11.Nf3 Re8+ 12.Be2 Ne4 13.Nxe4
Rxe4 14.Rb1 Ne5 15.Nxe5 Rxe5 16.O-O Bf5 17.Rbe1 Rae8 18.Bf4 R5e7
19.Bg5 Re5 20.Bf4 R5e7 1/2-1/2

[Event "16th Russian Club Cup, HL"]
[Site "Sochi RUS"]
[Date "2009.04.02"]
[Round "1.4"]
[White "Iljushin, Alexei"]
[Black "Nagibin, George"]
[Result "1-0"]
[WhiteElo "2557"]
[BlackElo "2386"]
[Annotator ""]
[Source ""]
[Remark ""]

1.d4 g6 2.c4 Bg7 3.Nc3 d6 4.e4 Nc6 5.d5 Nd4 6.Be3 c5 7.dxc6 Nxc6
8.Rc1 Nf6 9.f3 O-O 10.Nge2 Be6 11.Nf4 Qa5 12.Qd2 Rfc8 13.Be2
Nd7 14.b3 a6 15.O-O b5 16.Rfd1 b4 17.Ncd5 Nc5 18.Rc2 Rab8 19.Bf1
Bxd5 20.cxd5 Na7 21.Qf2 Nb5 22.Bxb5 Qxb5 23.Qf1 a5 24.Qxb5 Rxb5
25.Ne2 Ra8 26.Rdc1 Rc8 27.Rc4 Kf8 28.f4 Ke8 29.e5 Rc7 30.Ng3
Kd7 31.Bxc5 Rbxc5 32.Rxc5 Rxc5 33.Rxc5 dxc5 34.Ne4 c4 35.bxc4
g5 36.Nxg5 Bh6 37.e6+ fxe6 38.Nxe6 Kd6 39.Kf2 a4 40.Ke3 b3 41.axb3
a3 42.Nd4 a2 43.Nc2 e6 44.dxe6 Kxe6 45.Ke4 Bg7 46.c5 a1Q 47.Nxa1
Bxa1 48.b4 Bc3 49.b5 Bb4 50.f5+ 1-0

[Event "16th Russian Club Cup, HL"]
[Site "Sochi RUS"]
[Date "2009.04.02"]
[Round "1.5"]
[White "Shorokhov, Alexandr"]
[Black "Shaposhnikov, Evgeny"]
[Result "1/2-1/2"]
[WhiteElo "2457"]
[BlackElo "2549"]
[Annotator ""]
[Source ""]
[Remark ""]

1.e4 c5 2.Nf3 e6 3.b3 d6 4.Bb2 Nf6 5.Bb5+ Nbd7 6.e5 dxe5 7.Nxe5
Be7 8.Nxd7 Bxd7 9.Bxd7+ Qxd7 10.d3 O-O 11.Nd2 Nd5 1/2-1/2

[Event "16th Russian Club Cup, HL"]
[Site "Sochi RUS"]
[Date "2009.04.02"]
[Round "1.6"]
[White "Lushenkov, Mikhail"]
[Black "Belov, Igor"]
[Result "0-1"]
[WhiteElo "2464"]
[BlackElo "2443"]
[Annotator ""]
[Source ""]
[Remark ""]

1.d4 Nf6 2.c4 g6 3.Nc3 Bg7 4.e4 d6 5.Nf3 O-O 6.h3 e5 7.d5 a5
8.Bg5 Na6 9.Be2 Nc5 10.Nd2 Bd7 11.g4 c6 12.Rg1 a4 13.Rg3 Qa5
14.Kf1 Rfc8 15.a3 cxd5 16.exd5 Ne8 17.Kg1 h6 18.Be3 Qd8 19.Kh1
Kh8 20.Qg1 Qe7 21.Re1 Ra6 22.f4 Rb6 23.Nb5 exf4 24.Bxf4 Qf6 25.Rf3
Qxb2 26.Rb1 Qa2 27.Qe3 Rxb5 28.cxb5 Nb3 29.Rd1 Nd4 30.Bxh6 Nxf3
31.Nxf3 Bxh6 32.Qxh6+ Kg8 33.Qe3 Rc2 34.Nd4 Rb2 35.Bf3 Rb1 36.Rxb1
Qxb1+ 37.Kh2 Bxb5 38.Bg2 Qd3 39.Qf4 Bd7 40.h4 Qxa3 41.h5 Qb2
42.h6 a3 43.h7+ Kxh7 44.Qxf7+ Ng7 45.Nf3 Bxg4 46.Ng5+ Kh6 47.Qf4
Nh5 48.Nf7+ Kg7 49.Qxg4 Kxf7 50.Qd7+ Kg8 51.Qxd6 a2 52.Qxg6+
Ng7 53.Qg5 a1Q 54.Qd8+ Kh7 55.Qh4+ Kg6 56.Qg4+ Kf6 0-1

[Event "16th Russian Club Cup, HL"]
[Site "Sochi RUS"]
[Date "2009.04.02"]
[Round "1.7"]
[White "Landa, Konstantin"]
[Black "Popov, Ivan"]
[Result "0-1"]
[WhiteElo "2627"]
[BlackElo "2568"]
[Annotator ""]
[Source ""]
[Remark ""]

1.d4 d5 2.c4 c6 3.Nf3 Nf6 4.e3 Bf5 5.Nc3 a6 6.Qb3 b5 7.cxd5 cxd5
8.a4 b4 9.Ne2 e6 10.Ng3 Bg6 11.Bd2 Nc6 12.a5 Bd6 13.Qa4 Qd7 14.Rc1
Ne7 15.Qxd7+ Nxd7 16.Nh4 Nb8 17.Nxg6 hxg6 18.Bd3 Nbc6 19.Ra1
f5 20.h3 e5 21.dxe5 Nxe5 22.Be2 Nc4 23.b3 Nxd2 24.Kxd2 f4 25.Nf1
O-O 26.Bf3 Rac8 27.Nh2 fxe3+ 28.fxe3 d4 29.Ng4 dxe3+ 30.Nxe3
Bf4 31.Ke2 Rfe8 32.Kf2 Bxe3+ 33.Kxe3 Nf5+ 34.Kf4 Nd4 35.Bd5+
Kh7 36.Bc4 g5+ 37.Kxg5 Re4 38.g4 Nf3+ 39.Kf5 Rce8 0-1

[Event "16th Russian Club Cup, HL"]
[Site "Sochi RUS"]
[Date "2009.04.02"]
[Round "1.8"]
[White "Rustemov, Alexander"]
[Black "Khenkin, Igor"]
[Result "1/2-1/2"]
[WhiteElo "2520"]
[BlackElo "2630"]
[Annotator ""]
[Source ""]
[Remark ""]

1.d4 d5 2.c4 dxc4 3.Nf3 a6 4.e3 b5 5.a4 Bb7 6.b3 e6 7.axb5 axb5
8.Rxa8 Bxa8 9.bxc4 bxc4 10.Bxc4 Nf6 11.O-O Nbd7 12.Nbd2 Be7 13.Qc2
O-O 14.Bb2 c5 1/2-1/2

[Event "16th Russian Club Cup, HL"]
[Site "Sochi RUS"]
[Date "2009.04.02"]
[Round "1.9"]
[White "Rakhmanov, Aleksandr"]
[Black "Ivanov, Alexander Al."]
[Result "1-0"]
[WhiteElo "2543"]
[BlackElo "2503"]
[Annotator ""]
[Source ""]
[Remark ""]

1.d4 f5 2.c4 Nf6 3.Nc3 d6 4.Bg5 Nbd7 5.Qc2 g6 6.h4 h6 7.Bxf6
Nxf6 8.O-O-O c6 9.Nh3 Qa5 10.Nf4 Rg8 11.h5 g5 12.Ng6 Ne4 13.Nxe4
fxe4 14.Qxe4 Qxa2 15.e3 Qa1+ 16.Qb1 Qxb1+ 17.Kxb1 Bf5+ 18.Bd3
Bxd3+ 19.Rxd3 Bg7 20.f4 Bf6 21.fxg5 Bxg5 22.Rf1 b5 23.cxb5 cxb5
24.e4 Kd7 25.Rf5 a6 26.Rdf3 Rac8 27.Nf8+ Ke8 28.e5 dxe5 29.dxe5
Rc6 30.Ng6 Kd7 31.Rd3+ Ke6 32.g4 Rc1+ 33.Ka2 Rc4 34.Nf8+ Rxf8
35.Rxf8 Rxg4 36.Ra8 Ra4+ 37.Ra3 Rxa3+ 38.bxa3 Kxe5 39.Rxa6 Kf4
40.Re6 Kg4 41.Re5 Kxh5 42.Rxb5 Kg4 43.a4 Be3 44.Rb4+ Kf5 45.Kb3
e5 46.Kc4 Ke4 47.a5 h5 48.a6 Kf5 49.Kd5 Bf2 50.Rb7 Bd4 51.Rf7+
Kg4 52.Ke4 h4 53.a7 Bxa7 54.Rxa7 Kg3 55.Ke3 h3 56.Rg7+ Kh2 57.Kf2 1-0

[Event "16th Russian Club Cup, HL"]
[Site "Sochi RUS"]
[Date "2009.04.02"]
[Round "1.10"]
[White "Gabrielian, Artur"]
[Black "Ulko, Jaroslav"]
[Result "1/2-1/2"]
[WhiteElo "2462"]
[BlackElo "2489"]
[Annotator ""]
[Source ""]
[Remark ""]

1.e4 c5 2.Nf3 d6 3.d4 cxd4 4.Nxd4 Nf6 5.Nc3 a6 6.Bg5 Nbd7 7.f4
e6 8.Qf3 Qc7 9.O-O-O b5 10.Bd3 Bb7 11.Rhe1 O-O-O 12.f5 e5 13.Nb3
Be7 14.Kb1 Rhe8 15.a4 b4 16.Bxf6 bxc3 17.Bxe7 Rxe7 18.Qe2 Qc6
19.Bc4 Nf6 20.a5 cxb2 21.Bd5 Qa4 22.Bxb7+ Rxb7 23.Qxa6 Nxe4 24.Rxe4
Qxe4 25.Nc5 Qxg2 26.Qa8+ Kc7 27.Na6+ Kd7 28.Nc5+ Kc7 29.Na6+
Kd7 30.Nc5+ 1/2-1/2

[Event "16th Russian Club Cup, HL"]
[Site "Sochi RUS"]
[Date "2009.04.02"]
[Round "1.11"]
[White "Chernobay, Artem"]
[Black "Papin, Vasily"]
[Result "0-1"]
[WhiteElo "2398"]
[BlackElo "2462"]
[Annotator ""]
[Source ""]
[Remark ""]

1.e4 c5 2.Nf3 e6 3.d4 cxd4 4.Nxd4 a6 5.Nc3 b5 6.Bd3 Qb6 7.Nf3
Nc6 8.O-O Qb8 9.Re1 d6 10.Bf4 Ne5 11.Nxe5 dxe5 12.Bg3 Nf6 13.a4
b4 14.Nb1 Be7 15.Nd2 O-O 16.Nc4 Nd7 17.a5 Bb7 18.Kh1 Bc6 19.Qe2
Bb5 20.Red1 Rc8 21.f3 Qc7 22.Ne3 Rab8 23.Bxb5 Rxb5 24.b3 Nb8
25.Nc4 Nc6 26.Bf2 Bc5 27.Bxc5 Rxc5 28.Nb6 Rd8 29.Qxa6 Rxa5 30.Na8
Rxd1+ 31.Rxd1 Qd7 0-1

[Event "16th Russian Club Cup, HL"]
[Site "Sochi RUS"]
[Date "2009.04.02"]
[Round "1.12"]
[White "Uzhva, Andrey"]
[Black "Prokopchuk, Yury"]
[Result "1-0"]
[WhiteElo "2306"]
[BlackElo "2301"]
[Annotator ""]
[Source ""]
[Remark ""]

1.d4 Nf6 2.c4 d6 3.g3 c6 4.Nf3 Bg4 5.Bg2 g6 6.Nc3 Bg7 7.h3 Bxf3
8.Bxf3 Nbd7 9.Bg2 O-O 10.O-O Qc7 11.Qc2 e5 12.dxe5 dxe5 13.Be3
Rfd8 14.Rad1 Nb6 15.b3 Rxd1 16.Rxd1 Rd8 17.Rxd8+ Qxd8 18.Qd3
Qxd3 19.exd3 Nfd7 20.Ne2 Kf8 21.a4 a6 22.f4 exf4 23.Nxf4 Nc8
24.d4 Ne7 25.g4 a5 26.c5 Nf6 27.Ne2 Nfd5 28.Bd2 Nb4 29.Bxb4 axb4
30.Kf2 Ke8 31.Ke3 Kd8 32.Kd3 f5 33.g5 Bf8 34.Kc4 Bg7 35.Kxb4
f4 36.Kc4 Nf5 37.Be4 Ng3 38.Nxg3 fxg3 39.a5 Kc7 40.b4 h6 41.d5
cxd5+ 42.Bxd5 hxg5 43.b5 Be5 44.b6+ 1-0

[Event "16th Russian Club Cup, HL"]
[Site "Sochi RUS"]
[Date "2009.04.02"]
[Round "1.13"]
[White "Sjugirov, Sanan"]
[Black "Khalifman, Alexander"]
[Result "0-1"]
[WhiteElo "2588"]
[BlackElo "2610"]
[Annotator ""]
[Source ""]
[Remark ""]

1.e4 c5 2.Nf3 Nc6 3.d4 cxd4 4.Nxd4 e6 5.Nc3 Qc7 6.Be3 Nf6 7.f4
Bb4 8.Ndb5 Qa5 9.e5 Nd5 10.Bd2 Nxc3 11.bxc3 Bc5 12.c4 Qd8 13.Bd3
O-O 14.Qh5 g6 15.Qh6 d5 16.exd6 Qf6 17.Rb1 e5 18.Qg5 Qxg5 19.fxg5
Rd8 20.Be4 Bf5 21.Bxf5 gxf5 22.g3 Bxd6 23.Rf1 Bc5 24.Nc7 Rac8
25.Nd5 b6 26.Bc3 Ne7 27.Nf6+ Kg7 28.Bxe5 Bd4 29.Nd7+ Kg6 30.Bxd4
Rxd7 31.Bb2 Rxc4 32.Rf2 Kxg5 33.Kf1 Kg6 34.Re1 f6 35.h3 Rdc7
36.Ree2 Nd5 37.Ke1 h5 38.a3 Nc3 39.Re3 Ne4 40.Rfe2 Rxc2 0-1

[Event "16th Russian Club Cup, HL"]
[Site "Sochi RUS"]
[Date "2009.04.02"]
[Round "1.14"]
[White "Lastin, Alexander"]
[Black "Zontakh, Andrey"]
[Result "1-0"]
[WhiteElo "2650"]
[BlackElo "2581"]
[Annotator ""]
[Source ""]
[Remark ""]

1.e4 c6 2.d4 d5 3.e5 Bf5 4.Nf3 e6 5.Be2 c5 6.Be3 cxd4 7.Nxd4
Ne7 8.c4 Nbc6 9.Qa4 a6 10.Nc3 dxc4 11.O-O-O Bd3 12.Bxd3 cxd3
13.Rxd3 Qa5 14.Qxa5 Nxa5 15.f4 h5 16.Rhd1 Rd8 17.Bf2 Nac6 18.Nxc6
Rxd3 19.Rxd3 Nxc6 20.a3 h4 21.Ne4 Rh6 22.Bc5 Bxc5 23.Nxc5 Rg6
24.g3 hxg3 25.hxg3 Nd8 26.a4 f6 27.exf6 gxf6 28.Re3 f5 29.a5
Ke7 30.Kd2 Kd6 31.b4 Kc6 32.Rd3 Nf7 33.Re3 Nd8 34.Kc3 Kb5 35.Kb3
Nc6 36.Nxb7 Nxb4 37.Rc3 1-0

[Event "16th Russian Club Cup, HL"]
[Site "Sochi RUS"]
[Date "2009.04.02"]
[Round "1.15"]
[White "Vysochin, Spartak"]
[Black "Smirnov, Pavel"]
[Result "1/2-1/2"]
[WhiteElo "2543"]
[BlackElo "2575"]
[Annotator ""]
[Source ""]
[Remark ""]

1.e4 e5 2.Nf3 Nc6 3.Nc3 Nf6 4.Bb5 Bb4 5.O-O O-O 6.d3 Bxc3 7.bxc3
d6 8.Bxc6 bxc6 9.Bg5 h6 10.Bh4 Qe7 11.Nd2 Qe6 12.Re1 Nd7 13.f3
f5 14.exf5 Qxf5 15.Bf2 Nf6 16.d4 exd4 17.cxd4 Be6 18.c4 Rae8
19.Qa4 Qg5 20.Nf1 Nh5 21.Qxc6 Rb8 22.Ng3 Nf4 23.Rab1 Rxb1 24.Rxb1
h5 25.Rb5 Qg6 26.Qe4 Qxe4 27.Nxe4 Bxc4 28.Rb7 Ne2+ 29.Kh1 Bd5
30.Rb2 Bxe4 31.Rxe2 Rxf3 32.Kg1 Rf4 33.g3 Bf3 34.gxf4 Bxe2 35.Bh4
Kf7 36.Kf2 Bc4 37.a3 Ke6 38.Ke3 g6 39.Bd8 Kd7 40.Bf6 Ke6 41.Bd8
c5 42.dxc5 dxc5 43.Kd2 Bf1 44.h4 c4 1/2-1/2

[Event "16th Russian Club Cup, HL"]
[Site "Sochi RUS"]
[Date "2009.04.02"]
[Round "1.16"]
[White "Chuprov, Dmitry"]
[Black "Geller, Jakov"]
[Result "1-0"]
[WhiteElo "2561"]
[BlackElo "2525"]
[Annotator ""]
[Source ""]
[Remark ""]

1.e4 c5 2.Nf3 e6 3.d4 cxd4 4.Nxd4 Nc6 5.Nc3 Qc7 6.Be2 Nf6 7.O-O
Be7 8.Be3 O-O 9.Ndb5 Qb8 10.f4 d6 11.a4 a6 12.Nd4 Bd7 13.Kh1
Nxd4 14.Qxd4 Bc6 15.a5 Qc7 16.Bf3 Rac8 17.Qd2 Rfe8 18.Qf2 Nd7
19.Rfd1 Bf8 20.Ne2 Nf6 21.Bb6 Qe7 22.Nc3 Nd7 23.Be3 Nf6 24.Rd2
Qc7 25.Bb6 Qb8 26.Bd4 Nd7 27.Bg4 Qc7 28.Rd3 Nc5 29.Re3 Nxe4 30.Nxe4
Bxe4 31.Rxe4 f5 32.Rxe6 fxg4 33.Qe2 Qf7 34.f5 Rxe6 35.fxe6 Qe7
36.Re1 g3 37.hxg3 g6 38.c3 Re8 39.Qf3 Bh6 40.Bf6 Qc7 41.e7 Qxa5
42.Qxb7 Qh5+ 43.Kg1 Bd2 44.Qb3+ d5 45.Re5 g5 46.Qxd5+ Qf7 47.Qxd2 1-0

[Event "16th Russian Club Cup, HL"]
[Site "Sochi RUS"]
[Date "2009.04.02"]
[Round "1.17"]
[White "Slugin, Sergey"]
[Black "Pridorozhni, Aleksei"]
[Result "1/2-1/2"]
[WhiteElo "2439"]
[BlackElo "2528"]
[Annotator ""]
[Source ""]
[Remark ""]

1.d4 d5 2.c4 e6 3.Nf3 c6 4.Nbd2 f5 5.g3 Nf6 6.Bg2 Bd6 7.O-O Nbd7
8.Ne1 O-O 9.Nd3 b6 10.cxd5 cxd5 11.Nf3 Ba6 12.Qa4 Bb7 13.Bf4
Qe7 14.Rfc1 a6 15.Rc2 Bxf4 16.Nxf4 Rfc8 17.Rac1 Qd6 18.Nd3 Rxc2
19.Rxc2 Rc8 20.Rxc8+ Bxc8 21.Nfe5 Nb8 22.Qb4 Qxb4 1/2-1/2

[Event "16th Russian Club Cup, HL"]
[Site "Sochi RUS"]
[Date "2009.04.02"]
[Round "1.18"]
[White "Kabanov, Nikolai"]
[Black "Gladyszev, Oleg"]
[Result "0-1"]
[WhiteElo "2517"]
[BlackElo "2434"]
[Annotator ""]
[Source ""]
[Remark ""]

1.e4 c5 2.Nf3 Nc6 3.Bb5 g6 4.Bxc6 dxc6 5.d3 Bg7 6.h3 Nf6 7.Nc3
O-O 8.Be3 b6 9.Qd2 e5 10.Bh6 Qd6 11.g4 a5 12.a3 a4 13.Bxg7 Kxg7
14.Nd1 c4 15.g5 Nd7 16.dxc4 Qe6 17.Ne3 Nc5 18.O-O-O Nxe4 19.Qe2
f5 20.gxf6+ Qxf6 21.Nd2 Qxf2 22.Qd3 Nc5 23.Qc3 Qf4 24.Ng4 Ne4
25.Qb4 Bxg4 26.hxg4 Nf2 27.Rhf1 e4 28.Rde1 Rae8 29.c5 e3 30.Qxf4
Rxf4 31.Nb1 bxc5 32.g5 e2 33.Rg1 Nh3 34.Rg3 Rf1 35.Kd2 Nf4 0-1

[Event "16th Russian Club Cup, HL"]
[Site "Sochi RUS"]
[Date "2009.04.02"]
[Round "1.19"]
[White "Kononenko, Dmitry"]
[Black "Yevseev, Denis"]
[Result "1/2-1/2"]
[WhiteElo "2569"]
[BlackElo "2529"]
[Annotator ""]
[Source ""]
[Remark ""]

1.e4 c6 2.d4 d5 3.Nc3 dxe4 4.Nxe4 Bf5 5.Ng3 Bg6 6.h4 h6 7.Nf3
e6 8.h5 Bh7 9.Bd3 Bxd3 10.Qxd3 Nf6 11.Bd2 c5 12.O-O-O Nc6 13.Bc3
Qd5 14.Kb1 c4 15.Qe2 b5 16.Nf1 Qd7 17.Ne3 Nd5 18.Nxd5 Qxd5 19.Ne5
b4 20.Bd2 Nxd4 21.Qxc4 Qxc4 22.Nxc4 Rc8 23.Ne5 Nb5 24.Rh4 Bd6
25.Nd3 a5 26.Rg4 Kf8 27.Bf4 Bxf4 28.Nxf4 Ke7 29.Rxg7 Rhd8 30.Rxd8
Rxd8 31.Nd3 Rd5 32.Rg8 Rxh5 33.Kc1 1/2-1/2

[Event "16th Russian Club Cup, HL"]
[Site "Sochi RUS"]
[Date "2009.04.02"]
[Round "1.20"]
[White "Klimov, Sergey"]
[Black "Chernyshov, Konstantin"]
[Result "0-1"]
[WhiteElo "2521"]
[BlackElo "2540"]
[Annotator ""]
[Source ""]
[Remark ""]

1.e4 c5 2.Nf3 d6 3.d4 cxd4 4.Nxd4 Nf6 5.Nc3 Nbd7 6.Be3 g6 7.f3
Bg7 8.Qd2 a6 9.g4 b5 10.Nc6 Qc7 11.Nxe7 Kxe7 12.g5 Bb7 13.gxf6+
Bxf6 14.O-O-O Rhd8 15.h4 h5 16.Bg5 Qc5 17.Bh3 Bxg5 18.hxg5 Nb6
19.f4 Nc4 20.Qd4 Qxd4 21.Rxd4 Bc6 22.b3 Ne3 23.Re1 Ng4 24.Bxg4
hxg4 25.Rg1 Rh8 26.Rxg4 Rac8 27.Rg2 Rh1+ 28.Kb2 Rf1 29.Re2 Ke6
30.e5 d5 31.Rh2 Rf3 32.Ne2 Rf1 33.Rd3 Ke7 34.Rh4 b4 35.Nd4 Bd7
36.a3 a5 37.a4 Rf2 38.Kc1 Rc3 39.Rd2 Rf1+ 40.Rd1 Rf2 41.Rhh1
Bf5 42.Rd2 Rxf4 43.Ne2 Rg4 44.Nxc3 bxc3 45.Rxd5 Rg2 46.Rc5 Rxc2+
47.Kd1 Rd2+ 48.Ke1 Rb2 49.Rh4 Rxb3 50.Rhc4 c2 51.Kd2 Rg3 52.Rxa5
Rxg5 53.Rc6 Rg1 54.Rac5 Rd1+ 55.Ke3 Rd3+ 56.Ke2 Ra3 57.Rc7+ Kf8
58.a5 Kg7 59.Kd2 Ra1 60.e6 Bxe6 61.Kxc2 Kf6 62.Ra7 g5 63.Ra8
g4 64.Rg8 Ke7 65.Rc7+ Kd6 66.Ra7 Ke5 67.a6 Kf4 68.Rg7 f5 69.Rg6
Bc4 70.Kc3 Be2 71.Ra8 Bf3 72.Rag8 Be2 73.Ra8 g3 74.a7 Bg4 75.Rd8
Rxa7 76.Rd4+ Kf3 77.Rd3+ Kf2 78.Rd2+ Kf1 79.Rb6 Rc7+ 80.Kb2 g2
81.Ra6 Be2 0-1

[Event "16th Russian Club Cup, HL"]
[Site "Sochi RUS"]
[Date "2009.04.02"]
[Round "1.21"]
[White "Belikov, Vladimir"]
[Black "Lintchevski, Daniil"]
[Result "0-1"]
[WhiteElo "2505"]
[BlackElo "2485"]
[Annotator ""]
[Source ""]
[Remark ""]

1.d4 d5 2.Nf3 Nf6 3.c4 c6 4.e3 Bg4 5.Qb3 Qb6 6.Nc3 e6 7.Nh4 Bh5
8.h3 Be7 9.g4 Bg6 10.Nxg6 hxg6 11.Rg1 g5 12.Bd2 Nbd7 13.O-O-O
Qxb3 14.axb3 O-O-O 15.f3 Nf8 16.c5 e5 17.b4 exd4 18.exd4 Ne6
19.Be3 a6 20.Ne2 Ne8 21.Bf2 Bf6 22.h4 gxh4 23.f4 g5 24.f5 N6c7
25.Nc3 Nb5 26.Nxb5 axb5 27.Kc2 Nc7 28.Bg2 Kd7 29.Bf3 Ra8 30.Ra1
Ra4 31.b3 Rxa1 32.Rxa1 Na6 33.Kc3 Bd8 34.Be3 Re8 35.Bd2 Rh8 36.Rh1
h3 37.Kd3 h2 38.Ke2 f6 39.Kf2 Bc7 40.Re1 Bf4 41.Bc3 Rh3 42.Rh1
Rg3 43.Ke2 Rg1 44.Kd3 Nc7 45.Ke2 Bg3 46.Bd2 Na6 47.Bc3 Bf4 48.Kd3
Rg3 49.Ke2 Rh3 50.Kf2 Rh8 51.Re1 Nc7 52.Ke2 Bg3 53.Rf1 Ra8 54.Kd3
Ra2 55.Ke3 Na6 56.Bh1 Ra3 57.Rb1 Nc7 58.Bf3 Ra8 59.Rf1 Ne8 60.Bh1
Ng7 61.Bf3 Bf4+ 62.Kd3 Rh8 63.Be1 Re8 64.Bf2 Ra8 65.Bd1 Ra1 66.Rh1
Ra2 67.Be1 Ra8 68.Bf3 Rh8 69.Be2 Re8 70.Bd2 Ra8 71.Be1 Ra3 72.Bc3
Ra2 73.Bf3 Rf2 74.Be2 Rg2 75.Be1 Rg1 76.Bf3 Bg3 77.Bd2 Rxh1 78.Bxh1
Bf2 79.Bf3 Ne8 80.Bc3 Kc8 81.Bg2 b6 82.Bf3 Kb7 83.Bg2 Bg3 84.Bf3
Bf4 85.Kc2 Nc7 86.Bg2 Na6 87.Bf3 Be3 88.Bg2 bxc5 89.bxc5 b4 90.Bb2
Nc7 91.Kd3 Bf2 92.Ke2 Bg1 93.Kd3 Nb5 94.Bf3 Bf2 95.Bg2 Ka6 96.Bf3
Ka5 97.Bg2 Nc3 98.Bxc3 bxc3 99.Kxc3 Be1+ 100.Kc2 Kb4 101.Bf3
Bc3 102.Kd3 Kxb3 103.Bd1+ Kb2 104.Bf3 Ba5 105.Bg2 Kc1 106.Bf3
Bb4 107.Ke3 Kc2 108.Kf2 Ba5 0-1

[Event "16th Russian Club Cup, HL"]
[Site "Sochi RUS"]
[Date "2009.04.02"]
[Round "1.22"]
[White "Matlakov, Maxim"]
[Black "Kalugin, Sergey V."]
[Result "1-0"]
[WhiteElo "2533"]
[BlackElo "2406"]
[Annotator ""]
[Source ""]
[Remark ""]

1.d4 Nf6 2.c4 e6 3.Nf3 b6 4.g3 Ba6 5.Qc2 Bb7 6.Bg2 Be7 7.Nc3
d5 8.Ne5 O-O 9.O-O c6 10.Rd1 Nbd7 11.e4 Rc8 12.Bf4 a6 13.Qe2
dxe4 14.Nxe4 Nxe4 15.Bxe4 Nxe5 16.Bxe5 Bf6 17.Rd3 Qe7 18.Bxf6
Qxf6 19.c5 b5 20.a4 Ra8 21.Qh5 g6 22.Qe5 Qe7 23.axb5 axb5 24.Rda3
Rxa3 25.Rxa3 f6 26.Qf4 e5 27.dxe5 fxe5 28.Qe3 Rd8 29.Ra7 Rd7
30.Bf3 Kg7 31.h4 Qf6 32.b4 Bc8 33.Ra8 Rc7 34.h5 gxh5 35.Bxh5
Bf5 36.Re8 Re7 37.Qf3 Rxe8 38.Bxe8 e4 39.Qf4 1-0

[Event "16th Russian Club Cup, HL"]
[Site "Sochi RUS"]
[Date "2009.04.02"]
[Round "1.23"]
[White "Krylov, Mikhail"]
[Black "Goganov, Aleksey"]
[Result "1-0"]
[WhiteElo "2482"]
[BlackElo "2462"]
[Annotator ""]
[Source ""]
[Remark ""]

1.d4 d5 2.c4 c6 3.Nf3 Nf6 4.Nc3 e6 5.e3 Nbd7 6.Bd3 dxc4 7.Bxc4
b5 8.Bd3 Bb7 9.O-O a6 10.e4 c5 11.d5 Qc7 12.dxe6 fxe6 13.Ng5
Qc6 14.Qf3 Ne5 15.Qh3 Nxd3 16.Qxd3 b4 17.Nd1 Nxe4 18.Qh3 Nxg5
19.Bxg5 Qd5 20.Bf4 Be7 21.Ne3 Qe4 22.Qh5+ Qg6 23.Qe5 O-O 24.Qc7
Qe4 25.Qxe7 Rxf4 26.Qxc5 Rc8 27.Qb6 Rf3 28.Rad1 Rxe3 29.Rd8+
Kf7 30.fxe3+ Kg6 31.Rd2 Bd5 32.Qd4 Rc4 33.Qxe4+ Rxe4 34.Rf4 Rxe3
35.Rxb4 Bxa2 36.Kf2 Re5 37.Ra4 Bd5 38.Rxa6 Kf5 39.Ra4 Kf6 40.Rf4+
Ke7 41.b4 g5 42.Rfd4 Kd6 43.g4 h5 44.Re2 hxg4 45.Rxe5 Kxe5 46.Rxg4
Kf5 47.Rg1 Kf4 48.b5 e5 49.Rd1 Ba8 50.Rd8 Bh1 51.b6 e4 52.Rf8+
Ke5 53.Ke3 1-0

[Event "16th Russian Club Cup, HL"]
[Site "Sochi RUS"]
[Date "2009.04.02"]
[Round "1.24"]
[White "Nikolaev, Nikita"]
[Black "Simonian, Hrair"]
[Result "0-1"]
[WhiteElo "2423"]
[BlackElo "2504"]
[Annotator ""]
[Source ""]
[Remark ""]

1.Nf3 Nf6 2.c4 b6 3.g3 Bb7 4.Bg2 e6 5.O-O Be7 6.Nc3 O-O 7.b3
d5 8.cxd5 Nxd5 9.Nxd5 Bxd5 10.d4 Nd7 11.Bb2 c5 12.Rc1 Rc8 13.Qd3
Bf6 14.e4 Bb7 15.Ba3 Ne5 16.Nxe5 Bxe5 17.d5 exd5 18.exd5 Bd4
19.Qf3 Qd7 20.b4 Rfd8 21.bxc5 bxc5 22.Rfe1 g6 23.Rc4 Qb5 24.Qb3
a6 25.Rb1 Qxb3 26.axb3 Bxd5 27.Bxd5 Rxd5 28.Rbc1 Rb8 29.Bxc5
Rxc5 30.Rxc5 Bxc5 31.Rxc5 Rxb3 32.Rc7 a5 33.Ra7 Rb5 34.h4 h5
35.Kg2 Rf5 36.f3 Kg7 37.g4 Rb5 38.Kg3 Kf6 39.Ra6+ Ke7 40.Ra7+
Ke6 41.Kf4 Kf6 42.Ra6+ Ke7 43.Ra7+ Ke6 44.Ra6+ Kd5 45.Kg5 Kc5
46.Kh6 Kb4 47.Ra7 a4 48.Rxf7 a3 49.Rd7 a2 50.Rd1 Ka3 51.Kxg6
hxg4 52.fxg4 Rb1 53.Rd6 Rb4 54.Rd1 Rxg4+ 55.Kh5 Rb4 56.Ra1 Rb1
57.Rxa2+ Kxa2 58.Kg5 Rg1+ 59.Kf6 Rh1 60.Kg5 Kb3 61.h5 Kc4 62.h6
Kd5 63.Kg6 Ke6 64.h7 Rg1+ 65.Kh6 Kf7 66.h8N+ Kf6 67.Kh7 Rg2 0-1

[Event "16th Russian Club Cup, HL"]
[Site "Sochi RUS"]
[Date "2009.04.02"]
[Round "1.25"]
[White "Dolmatov, Sergey"]
[Black "Kokarev, Dmitry"]
[Result "1/2-1/2"]
[WhiteElo "2557"]
[BlackElo "2603"]
[Annotator ""]
[Source ""]
[Remark ""]

1.e4 c5 2.Nf3 d6 3.d4 cxd4 4.Nxd4 Nf6 5.Nc3 a6 6.Be2 e5 7.Nb3
Be7 8.O-O O-O 9.Kh1 Nc6 10.f4 b5 11.a3 Bb7 12.Be3 exf4 13.Bxf4 1/2-1/2

[Event "16th Russian Club Cup, HL"]
[Site "Sochi RUS"]
[Date "2009.04.02"]
[Round "1.26"]
[White "Maletin, Pavel"]
[Black "Arslanov, Shamil"]
[Result "1-0"]
[WhiteElo "2559"]
[BlackElo "2365"]
[Annotator ""]
[Source ""]
[Remark ""]

1.Nf3 d5 2.g3 Nf6 3.Bg2 c6 4.c4 Bg4 5.Ne5 Bf5 6.cxd5 cxd5 7.Nc3
e6 8.Qa4+ Nbd7 9.g4 Bg6 10.h4 Bd6 11.Nxd7 Qxd7 12.Qxd7+ Kxd7
13.h5 Be4 14.f3 Bc2 15.g5 Ne8 16.d3 Bb4 17.Rh4 Bxc3+ 18.bxc3
b5 19.Kd2 Ba4 20.Ba3 Rc8 21.Bh3 Nd6 22.Rf4 Rhf8 23.e4 d4 24.cxd4
Rc2+ 25.Ke3 Nc4+ 26.dxc4 Rc3+ 27.Kf2 Rxa3 28.cxb5 Ke7 29.g6 hxg6
30.hxg6 Bxb5 31.Rc1 Rxa2+ 32.Kg3 f6 33.Rh4 Kd6 34.e5+ Ke7 35.Rc7+
Bd7 36.d5 Kd8 37.d6 Ra6 38.Rb4 Rb6 39.Rxa7 Rxb4 40.Ra8+ Bc8 41.Bxe6
Rc4 42.Bxc4 1-0

[Event "16th Russian Club Cup, HL"]
[Site "Sochi RUS"]
[Date "2009.04.02"]
[Round "1.27"]
[White "Kashlinskaya, Alina"]
[Black "Kryakvin, Dmitry"]
[Result "0-1"]
[WhiteElo "2344"]
[BlackElo "2583"]
[Annotator ""]
[Source ""]
[Remark ""]

1.d4 Nf6 2.c4 g6 3.Nf3 Bg7 4.g3 O-O 5.Bg2 d6 6.Nc3 Nbd7 7.O-O
e5 8.e4 c6 9.h3 Qb6 10.Re1 exd4 11.Nxd4 Ne8 12.Nb3 a5 13.Be3
Qb4 14.a3 Qxc4 15.Nd4 f6 16.Bf1 Qf7 17.b3 Nc7 18.Bc4 d5 19.exd5
Ne5 20.Bf1 cxd5 21.Bg2 Rd8 22.Rc1 Ra6 23.Na4 Bf8 24.Nc5 Ra8 25.Bf4
Bd6 26.Nb5 Nf3+ 27.Qxf3 Bxf4 28.Qxf4 Nxb5 29.Red1 g5 30.Qf3 Nc7
31.Ne4 Ne8 32.Nc3 Be6 33.Nxd5 Rac8 34.Rxc8 Rxc8 35.Nb6 Rc5 36.Rd8
Kg7 37.Qxb7 Qxb7 38.Bxb7 Nc7 39.b4 axb4 40.axb4 Rb5 41.Rd6 Bxh3
42.Bc8 Ne8 43.Rd8 Rxb6 44.Bxh3 Nd6 45.Kf1 f5 46.Ke2 Kf6 47.Rh8
Rxb4 48.Rxh7 Rb2+ 49.Ke1 Ne4 50.Bg2 Nxf2 51.Rd7 Ng4 52.Rd6+ Ke7
53.Rd2 Rb3 54.Rd5 Ke6 55.Ra5 Rxg3 56.Ra6+ Ke5 57.Ra5+ Kf6 58.Ra6+
Kf7 59.Ra7+ Kg6 0-1